000 00279 a2200109 4500
001 ART_5852
005 20260410161618.0
008 260409a
245 1 0 _aSarbanes Oxley
100 1 _aChalupowicz, Daniel
773 0 _tEnfoques
_g- NÂș 6 (jun. 2007)
_wREV416
999 _c11246
_d11246